Sports Quiz

Random Sports or MLB Quiz
Score 0/33 Timer 05:00
15 Plays Today
First MVP/GG/SS Player % Correct
2003/2002/1996Alex Rodriguez
96.2%
1999/1992/1994Ivan Rodriguez
95.5%
2005/2006/2001Albert Pujols
93.9%
1997/1990/1991Ken Griffey, Jr.
93.8%
2009/2008/2006Joe Mauer
93%
2012/2016/2012Buster Posey
92.3%
2007/2007/2007Jimmy Rollins
91.1%
2008/2008/2008Dustin Pedroia
91%
2018/2016/2016Mookie Betts
90.5%
2017/2015/2014José Altuve
90.3%
2019/2019/2019Cody Bellinger
89.3%
2001/2001/2001Ichiro Suzuki
88.5%
1990/1990/1990Barry Bonds
88.4%
1994/1994/1994Jeff Bagwell
87.6%
2013/2012/2012Andrew McCutchen
85.9%
1983/1991/1983Cal Ripken, Jr.
85.9%
1980/1976/1980Mike Schmidt
84%
First MVP/GG/SS Player % Correct
1980/1985/1980George Brett
83.3%
2018/2014/2016Christian Yelich
83.2%
1995/1994/1988Barry Larkin
82.1%
1997/1992/1992Larry Walker
78.9%
1984/1983/1984Ryne Sandberg
78%
1973/1969/1981Pete Rose
76.9%
1985/1985/1985Don Mattingly
76.1%
1982/1982/1980Robin Yount
75.6%
1975/1973/1982Joe Morgan
72.7%
1987/1980/1980Andre Dawson
70.9%
1990/1981/1981Rickey Henderson
68.5%
1996/1995/1996Ken Caminiti
64.4%
1979/1978/1980Keith Hernandez
64.4%
1982/1982/1982Dale Murphy
61.8%
1985/1983/1985Willie McGee
47.3%
1978/1977/1985Dave Parker
43.4%

You're not logged in!

Compare scores with friends on all Sporcle quizzes.
OR
Log In

Sporcle TV

Today on Sporcle TV


Watch our educational content, quiz creation guides, and fun videos on Sporcle TV.

Show Comments

Extras

Top Quizzes Today


Score Distribution

Paid Content

Your Account Isn't Verified!

In order to create a playlist on Sporcle, you need to verify the email address you used during registration. Go to your Sporcle Settings to finish the process.

Report this User

Report this user for behavior that violates our Community Guidelines.

Details: